000
00282 a2200121 4500
001
147090
040
_c
Escola São Tomás de Aquino
100
_a
DAVENIER, Christiane
240
1
0
_a
Leo e Albertina
_l
por
245
1
0
_a
Leo e Albertina
697
_a
*LITERATURA INFANTO
942
_c
BK
999
_c
147090
_d
147090